| 000 | nam a22 a 4500 | ||
|---|---|---|---|
| 999 |
_c4521 _d4521 |
||
| 003 | AKMAL | ||
| 005 | 20170531085019.0 | ||
| 008 | 17 s2005 my | e l 000 0 eng d | ||
| 020 | _a9678915731 (pbk.) | ||
| 040 | _cAKMAL | ||
| 082 | 0 | 4 |
_a343.5950523 INC _222 |
| 090 | 0 | 0 |
_a343.5950523 _bINC |
| 110 | 1 |
_aMalaysia _9400 |
|
| 240 | 1 | 0 |
_aAkta Cukai Pendapatan, 1967. _lEnglish |
| 245 | 1 | 0 |
_aIncome Tax Act 1967 (Act 53) with Selected Regulations & Rules : _b(as at 20th January 2005) / _ccompiled by Legal Research Board |
| 260 |
_aPetaling Jaya : _bInternational Law Book Services, _c2005 |
||
| 300 |
_a504p. ; _c24cm. |
||
| 440 | 0 |
_aLaws of Malaysia _91830 |
|
| 650 | 1 | 0 |
_aIncome tax _xLaw and legislation _zMalaysia _98744 |
| 710 | 2 |
_aLembaga Penyelidikan Undang-Undang _98745 |
|
| 942 |
_2ddc _cBOOK |
||